Statistics for How Did These Brands Get Their Names?

Click here to take the quiz!

General Stats

  • This quiz has been taken 178 times
    (115 since last reset)
  • The average score is 7 of 16

Answer Stats

QuestionAnswer% Correct
Nike was named after...The Greek goddess of victory
82%
Google was named after...A number
72%
Adidas was named after...A blend involving the name of the founder
67%
Lego was named after...A Danish phrase
61%
Bluetooth was named after...A Scandinavian king who had... well... blue teeth
60%
Rolex was named after...It is a completely made up word
52%
Mattel was named after...A combination of the nicknames of 2 founders
51%
Starbucks was named after...A theory that words beginning with "st" sound powerful
51%
Samsonite was named after...The Biblical character Samson
50%
Häagen-Dazs was named after...It is a completely made up word
40%
Ray-Ban was named after...The physical properties of the glass
38%
Schweppes was named after...The name of the founder
26%
Kodak was named after...It is a completely made up word
24%
Toblerone was named after...A blend involving the name of the founder
22%
Audi was named after...The Latin version of founder's name
17%
Mars, Incorporated was named after...The name of the founder
15%

Score Distribution

Percentile by Number Answered

Percent of People with Each Score

Your Score History

You have not taken this quiz since the last reset